00430nam a2200157Ia 4500008004100000040001900041041001200060082002400072100002000096245004300116260003300159300002000192504002200212650002000234850001800254131103s9999 xx 000 0 und d aLoreto College aEnglish a954/PRAbLCBED/4101 aPrasad, Ishwari 2aA new history of indiacIshwari Prasad aAllahabadbIndia pressc1964 av,304p c 20cm. aIncludes appendix aHistory - India aLCBED/954/PRA